000 006310000a22002050004500
003 LK-CoMWRAF
005 20231004125233.0
008 230817t1999 ||||| |||| 00| 0 eng d
020 _a9555800375
040 _aLK-CoMWRAF
_dLK-CoMWRAF
_eLK-CoMWRAF
041 _aeng
082 _a323.1
_bREI
245 _aReimagining Sri Lanka:
_bNorthern Ireland Insights
260 _bColombo:
_aInternational Centre for Ethnic Studies,
_c1999
300 _axxvi, 264 p. ; 23 cm.
650 _aTAMIL (INDIC PEOPLE)-Politics and government-Sri Lanka
650 _aEthnic relations-Sri Lanka
700 _aSomasundram, M.
_eed.
942 _cBK
999 _c627
_d627